Nadežnosť gidravličeskich agregatov

Salvato in:
Dettagli Bibliografici
Autore principale: Lozovskij, Vladislav Nikolajevič (Autore)
Natura: Libro
Lingua:russo
Pubblicazione: Moskva : Mašinostrojenije, 1974
Soggetti:
Tags: Aggiungi Tag
Nessun Tag, puoi essere il primo ad aggiungerne!!

MARC

LEADER 00000nam a22000003a 4500
001 stu85501
005 20150617225633.4
008 040331s1974----xxr-----------------rus-d
040 |a STU  |b slo 
041 0 |a rus 
044 |a xxr 
080 |a 62-82 
100 1 |a Lozovskij, Vladislav Nikolajevič  |4 aut 
245 1 |a Nadežnosť gidravličeskich agregatov 
260 |a Moskva :  |b Mašinostrojenije,  |c 1974 
300 |a 318 s 
650 7 |a hydraulické stroje  |2 stusub 
996 |b 284J020341  |c J*44645  |l JJSK  |s A  |a 24  |w stu85501_0001